000
00327nam a22001337a 4500
008
250401b |||||||| |||| 00| 0 eng d
020
_a
9789355705617
040
_a
02
100
_a
RAJU,A AND KRISHNAN,KORTHICKEYAN
245
_a
CLINICAL PHARMACOKINETICS
260
_a
NEW DELHI
_b
AKINIK
_c
2023
300
_a
161
942
_c
01
999
_c
65417
_d
65417